Statistiques concernant Sports US: Retrouvez les noms des franchises des sports nord-américains à partir de la ville ou de l'état

Cliquez ici pour prendre le quiz!

Statistiques générales

  • Ce quiz a été pris 133 fois
    (126 depuis la dernière actualisation)
  • Le résultat moyen est 75 sur 122

Statistiques - réponses

Ville/Etat Ligue Franchise % Correct
MiamiNBAHeat
95%
BostonNBACeltics
92%
ChicagoNBABulls
91%
Golden StateNBAWarriors
88%
Los AngelesNHLKings
88%
New EnglandNFLPatriots
88%
ClevelandNBACavaliers
86%
BrooklynNBANets
86%
DetroitNBAPistons
86%
San AntonioNBASpurs
86%
Los AngelesNBALakers
85%
MilwaukeeNBABucks
85%
HoustonNBARockets
83%
Los AngelesNBAClippers
83%
DallasNBAMavericks
83%
UtahNBAJazz
83%
New YorkNBAKnicks
83%
OrlandoNBAMagic
82%
PhiladelphieNBA76ers
82%
AtlantaNBAHawks
82%
IndianaNBAPacers
82%
PhoenixNBASuns
82%
CincinnatiMLBReds
82%
MemphisNBAGrizzlies
80%
MinnesotaNBATimberwolves
80%
CharlotteNBAHornets
80%
DenverNBANuggets
80%
New OrleansNBAPelicans
80%
TorontoNBARaptors
80%
MiamiNFLDolphins
77%
New YorkNFLJets
76%
Oklahoma CityNBAThunder
76%
New YorkNFLGiants
74%
Green BayNFLPackers
74%
CarolinaNFLPanthers
74%
WashingtonNBAWizards
73%
San FranciscoNFL49ers
71%
PortlandNBATrail Blazers
71%
BostonNHLBruins
70%
OaklandNFLRaiders
70%
BostonMLBRed Sox
67%
DetroitNFLLions
67%
MontrealNHLCanadiens
67%
DenverNFLBroncos
65%
ChicagoNFLBears
65%
PittsburghNFLSteelers
65%
AtantaNFLFalcons
65%
New YorkMLBYankees
65%
New YorkNHLRangers
64%
AnaheimNHLDucks
64%
DallasNFLCowboys
64%
DallasNHLStars
64%
JacksonvilleNFLJaguars
62%
MinnesotaNFLVikings
62%
Kansas CityNFLChiefs
62%
DetroitMLBTigers
61%
BuffaloNFLBills
61%
CalgaryNHLFlames
59%
New OrleansNFLSaints
59%
ChicagoMLBCubs
58%
San JoséNHLSharks
58%
EdmontonNHLOilers
58%
PhiladelphieNFLEagles
58%
Los AngelesNFLRams
58%
New YorkMLBMets
58%
TennesseeNFLTitans
56%
ArizonaNFLCardinals
56%
SeattleNFLSeahawks
56%
Saint-LouisNHLBlues
56%
PittsburghNHLPenguins
56%
HoustonNFLTexans
55%
OttawaNHLSenators
55%
IndianapolisNFLColts
55%
ChicagoMLBWhite Sox
55%
DetroitNHLRed Wings
53%
ClevelandNFLBrowns
53%
BaltimoreNFLRavens
52%
New YorkNHLIslanders
52%
WashingtonNHLCapitals
52%
TorontoNHLMaple Leafs
52%
San DiegoNFLChargers
52%
WashingtonNFLRedskins
50%
ChicagoNHLBlackhawks
50%
CincinnatiNFLBengals
48%
Los AngelesMLBDodgers
47%
ColoradoNHLAvalanche
47%
New JerseyNHLDevils
45%
BuffaloNHLSabres
45%
VancouverNHLCanucks
44%
ColumbusNHLBlue Jackets
44%
PittsburghMLBPirates
44%
CarolinaNHLHurricanes
44%
NashvilleNHLPredators
44%
ClevelandMLBIndians
42%
ArizonaNHLCoyotes
42%
Tampa BayNHLLightning
42%
BaltimoreMLBOrioles
41%
AtlantaMLBBraves
41%
Los Angeles/AnaheimMLBAngels
39%
MiamiMLBMarlins
39%
TorontoMLBBlue Jays
38%
HoustonMLBAstros
36%
MinnesotaNHLWild
36%
MinnesotaMLBTwins
35%
PhiladelphieNHLFlyers
35%
Kansas CityMLBRoyals
35%
MilwaukeeMLBBrewers
33%
ArizonaMLBDiamondbacks
33%
SeattleMLBMariners
32%
PhiladelphieMLBPhillies
32%
Tampa BayNFLBuccaneers
30%
San DiegoMLBPadres
30%
Tampa BayMLBRays
29%
OaklandMLBAthletics
29%
ColoradoMLBRockies
26%
WashingtonMLBNationals
26%

Distribution des résultats

Percentile par nombre de réponses

% des personnes avec chaque résultat

Votre développement - résultats

Vous n’avez pas pris ce quiz depuis la dernière actualisation